000 00737nam a2200289Ia 4500
005 20260324122607.0
008 008 260324s9999 xx 000 0 eng d
020 _a9780203768730
037 _aEBOOK
040 _aCRL
040 _beng
040 _cCRL
041 _2eng
041 _aeng
084 _qCRL
100 _aPamela M. Barnes; Thomas C. Hoerber
_91167055
245 0 _aSustainable Development and Governance in Europe
245 4 _bThe Evolution of the Discourse on Sustainability
260 _bTaylor and Francis
260 _c2013
365 _a
365 _b240
856 _uhttp://www.taylorfrancis.com/books/9780203768730
942 _cEBOOK
999 _c1759914
_d1759914